Geografía general del comercio y de las comunicaciones /

Guardado en:
Autor Principal: Lutgens, Rudolf
Formato: Libro
Publicado: España : Omega, 1959
Materias:
Etiquetas: Agregar Etiqueta
Sin Etiquetas, Sea el primero en etiquetar este registro!
LEADER 00944nam a22002055a 4500
001 CEM.cems003980
005 19000101000000.0
008 130507s1959##################000#0#####d
003 CEMS
082 0 4 |a 330.9 
100 1 |a Lutgens, Rudolf 
245 1 0 |a Geografía general del comercio y de las comunicaciones / 
260 |a España :  |b Omega,  |c 1959 
300 |a 461 p. 
505 0 |a Transformaciones progresivas de la superficie de la tierra, Accionde: la colonizacion, la mineria, las costas artificiales, cultivo del suelo, tala de bosques, las comunicaciones; transformaciones de las aguas; El hombre como estructurador del clima; Modificacion de la flora y la fauna; El hombre en el torbellino de las transformaciones estructurales de la tierra; Paisaje economico 
653 |a Comercio 
653 |a Comunicaciones 
653 |a Economia mundial 
653 |a Geografia economica 
859 |a CEMS  |b BIB. CEMS - 11 de abril  |h 330.9  |i L977/4  |p 722.73  |t Ej.1